El renacimiento de tres lenguas : (Record no. 190552)

MARC details
000 -LEADER
campo de control de longitud fija 01107nam a2200253 i 4500
001 - NÚMERO DE CONTROL
campo de control 190552
003 - IDENTIFICADOR DE NÚMERO DE CONTROL
campo de control ES-MaACL
005 - FECHA Y HORA DE LA ÚLTIMA TRANSACCIÓN
campo de control 20250902090039.0
008 - DATOS DE LONGITUD FIJA--INFORMACIÓN GENERAL
campo de control de longitud fija 210901s2018 sp 001 s spa d
100 1# - ENTRADA PRINCIPAL--NOMBRE DE PERSONA
Nombre de persona García Lozano, Raquel.
9 (RLIN) 54864
245 13 - MENCIÓN DEL TÍTULO
Título El renacimiento de tres lenguas :
Resto del título checo, hebreo y euskera : conferencias y coloquio celebrados en el Centro Sefarad-Israel de Madrid el 21 de noviembre de 2017 /
Mención de responsabilidad, etc. [ponentes], Raquel García Lozano, Karlos Cid Abasolo.
260 ## - PUBLICACIÓN, DISTRIBUCIÓN, ETC.
Lugar de publicación, distribución, etc. Madrid :
Nombre del editor, distribuidor, etc. Delegación en Corte, Departamento de Publicaciones,
Fecha de publicación, distribución, etc. [2018]
300 ## - DESCRIPCIÓN FÍSICA
Extensión 80 p. :
Otras características físicas il. col. ;
Dimensiones 21 cm.
650 #4 - PUNTO DE ACCESO ADICIONAL DE MATERIA--TÉRMINO DE MATERIA
Término de materia o nombre geográfico como elemento de entrada Lengua checa.
9 (RLIN) 140088
650 #4 - PUNTO DE ACCESO ADICIONAL DE MATERIA--TÉRMINO DE MATERIA
Término de materia o nombre geográfico como elemento de entrada Lengua hebrea.
9 (RLIN) 14258
650 ## - PUNTO DE ACCESO ADICIONAL DE MATERIA--TÉRMINO DE MATERIA
Término de materia o nombre geográfico como elemento de entrada Lengua vasca.
9 (RLIN) 14329
700 1# - ENTRADA AGREGADA--NOMBRE PERSONAL
Nombre de persona Cid Abasolo, Carlos.
9 (RLIN) 173658
710 2# - ENTRADA AGREGADA--NOMBRE DE ENTIDAD CORPORATIVA
Nombre de entidad corporativa o nombre de jurisdicción como elemento de entrada Centro Sefarad-Israel.
9 (RLIN) 173659
710 2# - ENTRADA AGREGADA--NOMBRE DE ENTIDAD CORPORATIVA
Nombre de entidad corporativa o nombre de jurisdicción como elemento de entrada Real Sociedad Bascongada de los Amigos del País.
Unidad subordinada Delegación en Corte
9 (RLIN) 6371
852 4# - LOCALIZACIÓN
Ubicación ES-MaACL
Número de control de estantería A-14773
itemnumber 197730
Sublocalización o colección R.152268
Ubicación en estantería Depósito 1
Signatura antigua Olim: N-7773
Donativo/Legado Donación: Editorial
942 ## - ELEMENTOS DE ENTRADA SECUNDARIOS (KOHA)
Fuente del sistema de clasificación o colocación Clasificación decimal universal
Tipo de ítem Koha Libro impreso
Holdings
Estatus retirado Estado de pérdida Fuente del sistema de clasificación o colocación Estado de daño No para préstamo Biblioteca de origen Biblioteca actual Ubicación en estantería Fecha de adquisición Fuente de adquisición Total de préstamos Signatura topográfica completa Código de barras Visto por última vez Precio de reemplazo Tipo de ítem Koha
    Clasificación decimal universal     Biblioteca del Ateneo de Madrid Biblioteca del Ateneo de Madrid Depósito 1 01/09/2021 Donación   A-14773 1202691 23/02/2023 23/02/2023 Libro impreso